00566 a2200157 4500003000500000005001700005040000900022082001500031100001900046245003900065260004600104300002500150505019100175600001900366650002300385NUST20221215131845.0 cNust a323.44,SAE aSaeed , Karman aFreedom in bondage /cKarman Saeed aNational Book FoundationbIslamabadc1987 a98 p.:billusc18 cm aDefinition (Page-1), Kinds of Freedom (Page-6), Some Basic Concepts (Page-17), Freedom and Different Behavioral Patterns (Page-32), Problem of Freedom in the Present-Day World (Page-82). aSaeed , Karman aFreedom in bondage